000 00546nam a22001817a 4500
003 UA-OsUOA
001 13388
007 ta
008 20030521b un ||||| |||| 00| 0 ukr d
100 _aМініч Н.
942 _cSA
040 _aUA-OsUOA
_cUA-OsUOA
_dUA-OsUOA
245 _a" Солева шахта " віднині з"явилась у Рівному
300 _aС.7
955 _a0
773 0 _w0
_tРівненський кооператор
_dРівне
_d2003
_g№19/9 трав./
650 7 _aКраєзнавча робота
_2UDC
999 _c299549
_d299549